Top 20 biggest cities in North Rhine-Westphalia - Statistics

General Stats
  • This quiz has been taken 112 times
  • The average score is 16 of 20
Answer Stats
Answer Population % Correct
Dortmund 586,852
99%
Essen 579,432
98%
Dusseldorf 619,477
97%
Cologne/Koln 1,073,096
96%
Bonn 331,885
90%
Duisburg 495,152
89%
Bochum 363,441
88%
Wuppertal 354,572
88%
Munster 317,713
87%
Bielefeld 334,002
86%
Aachen 249,070
80%
Gelsenkirchen 260,126
75%
Leverkusen 163,851
74%
Monchengladbach 261,001
69%
Oberhausen 208,752
63%
Krefeld 227,050
60%
Hamm 179,238
59%
Solingen 158,957
58%
Hagen 188,713
57%
Mülheim an der Ruhr 170,739
52%
No matching quizzes found
Score Distribution
Percent of People with Each Score
Percentile by Number Answered
Your Score History
You have not taken this quiz